[Event "Recife Arraes Memorial 12th"]
[Site "Recife"]
[Date "2019.08.30"]
[Round "2"]
[White "Fiuza, Edson Volmir Drum"]
[Black "Cavalcanti, Jose Maria"]
[Result "1-0"]
[WhiteElo "2016"]
[BlackElo "1798"]
[PlyCount "55"]
[EventDate "2019.08.30"]
[EventType "swiss"]
[EventRounds "6"]
[EventCountry "BRA"]
[SourceTitle "EXT 2020"]
[Source "ChessBase"]
[SourceDate "2019.10.17"]
[SourceVersion "1"]
[SourceVersionDate "2019.10.17"]
[SourceQuality "1"]

1. d4 Nf6 2. Bg5 e6 3. Nf3 Be7 4. e3 Ne4 5. Bxe7 Qxe7 6. Nbd2 f5 7. Bd3 0-0 8. Nxe4 fxe4 9. Bxe4 d6 10. c3 Nd7 11. 0-0 Nf6 12. Bd3 e5 13. Be2 e4 14. Nd2 d5 15. c4 c6 16. Qb3 Kh8 17. Rac1 h5 18. cxd5 cxd5 19. Qa3 Qd8 20. f3 exf3 21. Nxf3 Bg4 22. Bd3 Rc8 23. Rxc8 Qxc8 24. Ne5 Re8 25. Bg6 Re6 26. h3 Ra6 27. Qe7 Re6 28. Qf7 1-0

[Event "Recife Akasaka Cup 7th"]
[Site "Recife"]
[Date "2019.04.14"]
[Round "6"]
[White "Souza, Rafael Cabral de"]
[Black "Fiuza, Edson Volmir Drum"]
[Result "0-1"]
[WhiteElo "2105"]
[BlackElo "1993"]
[PlyCount "54"]
[EventDate "2019.04.12"]
[EventType "swiss"]
[EventRounds "6"]
[EventCountry "BRA"]
[SourceTitle "CBM 189 Extra"]
[Source "ChessBase"]
[SourceDate "2019.06.03"]
[SourceVersion "1"]
[SourceVersionDate "2019.06.03"]
[SourceQuality "1"]

1. e4 d5 2. exd5 Nf6 3. Bb5+ Bd7 4. Bc4 Bg4 5. f3 Bf5 6. Nc3 c6 7. dxc6 Nxc6 8. Nge2 e5 9. 0-0 Bc5+ 10. Kh1 0-0 11. Ng3 Bg6 12. d3 Na5 13. Bb5 a6 14. Ba4 b5 15. Bb3 Nxb3 16. axb3 Nh5 17. Nxh5 Bxh5 18. Ne4 Be7 19. Be3 Qd7 20. c4 Qc6 21. Nc3 Rfd8 22. Nd5 Bf8 23. Qc2 Rxd5 24. Bc5 Rdd8 25. Bxf8 Kxf8 26. Ra5 Bg6 27. Rd1 bxc4 0-1

[Event "Baianos-ch"]
[Site "Salvador"]
[Date "2015.10.11"]
[Round "5"]
[White "Dechen, Andre Luiz"]
[Black "Fiuza, Edson Volmir Drum"]
[Result "1/2-1/2"]
[WhiteElo "1937"]
[BlackElo "2016"]
[PlyCount "76"]
[EventDate "2015.10.09"]
[EventType "swiss"]
[EventRounds "7"]
[EventCountry "BRA"]
[SourceTitle "EXT 2022"]
[Source "ChessBase"]
[SourceDate "2021.10.06"]
[SourceVersion "1"]
[SourceVersionDate "2021.10.06"]
[SourceQuality "1"]

1. d4 Nf6 2. Nc3 d6 3. Nf3 g6 4. Bg5 Bg7 5. e4 c6 6. Bd3 Qa5 7. Bd2 Qb6 8. Rb1 Bg4 9. Be3 Qc7 10. h3 Bxf3 11. Qxf3 0-0 12. 0-0 Nbd7 13. Ne2 e5 14. c3 Rae8 15. Ng3 d5 16. Rfe1 dxe4 17. Nxe4 Nd5 18. Bc4 Nxe3 19. fxe3 Re7 20. Rf1 Nb6 21. Bb3 Nd5 22. Rf2 Kh8 23. Nc5 Nf6 24. e4 Nd7 25. Nxd7 Qxd7 26. d5 c5 27. Rbf1 Qd6 28. Qe2 Kg8 29. Qd2 Rd8 30. Rf3 c4 31. Bd1 Qc5+ 32. Qf2 Qxf2+ 33. R1xf2 Rc7 34. g4 Bh6 35. Rg2 Bf4 36. h4 Kg7 37. g5 f6 38. gxf6+ Kxf6 1/2-1/2

[Event "Baianos-ch"]
[Site "Salvador"]
[Date "2015.10.10"]
[Round "2"]
[White "Fiuza, Edson Volmir Drum"]
[Black "Marques, Eudes Pinto"]
[Result "0-1"]
[WhiteElo "2016"]
[BlackElo "1831"]
[PlyCount "77"]
[EventDate "2015.10.09"]
[EventType "swiss"]
[EventRounds "7"]
[EventCountry "BRA"]
[SourceTitle "EXT 2022"]
[Source "ChessBase"]
[SourceDate "2021.10.06"]
[SourceVersion "1"]
[SourceVersionDate "2021.10.06"]
[SourceQuality "1"]

1. e4 e6 2. d4 d5 3. Nd2 Nf6 4. e5 Nfd7 5. Bd3 c5 6. c3 Nc6 7. Ne2 Be7 8. 0-0 f5 9. Nf4 Nf8 10. Nf3 Ng6 11. Re1 Nxf4 12. Bxf4 0-0 13. dxc5 Bxc5 14. b4 Be7 15. b5 Na5 16. Be3 Qc7 17. Bd4 Nc4 18. Rb1 b6 19. Nd2 Nxd2 20. Qxd2 Bb7 21. Qe2 Rac8 22. Rb3 Bc5 23. Bb1 Qf7 24. Bd3 Qg6 25. f4 Rf7 26. Qd2 Bxd4+ 27. cxd4 Rfc7 28. g3 h5 29. Kg2 Rc4 30. Bxc4 dxc4+ 31. Rf3 c3 32. Qc2 Qg4 33. Ree3 Be4 34. Qb3 Bd5 35. Qc2 h4 36. Kf2 hxg3+ 37. hxg3 Kf7 38. Qa4 c2 39. Qxa7+ 0-1